[Event "Yerevan ol (Men)"]
[Site "Yerevan"]
[Date "1996.??.??"]
[Round "2"]
[White "Oll, Lembit"]
[Black "Yudasin, Leonid"]
[Result "1/2-1/2"]
[WhiteElo "2620"]
[BlackElo "2595"]
[Annotator "Psakhis,L"]
[PlyCount "58"]
[EventDate "1996.09.15"]
[EventType "swiss ()"]
[EventRounds "14"]
[EventCountry "ARM"]
[Source "ChessBase"]
[SourceDate "1996.11.15"]
[WhiteTeamCountry "EST"]
[BlackTeamCountry "RUS"]

1. e4 c5 2. Nf3 d6 3. d4 cxd4 4. Nxd4 Nf6 5. Nc3 a6 6. Be2 e6 7. a4 b6 8. Bf3
Nfd7 (8... Ra7 9. Be3 Rc7 (9... Rd7 $5) 10. a5 b5 11. Ndxb5 $1 (11. Nb3 Nfd7 $1
$13) 11... axb5 12. Bb6 Ba6 $8 13. Be2 Qd7 14. Bxc7 Qxc7 15. Bxb5+ Bxb5 16.
Nxb5 $14 {Smagin,S-Khenkin,I/Copenhagen/1993/0,5/62/}) 9. e5 (9. O-O $5 Bb7 10.
e5 d5 11. Re1 Be7 12. Bf4 $14 {Moroz,A-Agrest,E/Katowice op/1992/0:1/45/}) 9...
Ra7 (9... d5 10. Nxd5 exd5 11. Bxd5 Ra7 12. e6 (12. Qh5 Nxe5 $1 $19) 12... fxe6
13. Nxe6 Qf6 14. O-O $44) 10. exd6 Ne5 11. Ne4 Nxf3+ $5 {N/} (11... Bxd6 {
Ivanov,S;Agrest/} 12. Nxd6+ Qxd6 13. c3 Nxf3+ 14. Qxf3 Bb7 15. Qg4 Qe5+ 16. Be3
h5 $1 17. Qh3 Rh6 $1 18. O-O-O Rg6 $13 {Faibisovich,V-Agrest,E/URS/1988/1:0/31/
}) 12. Nxf3 (12. Qxf3 Bxd6 13. Be3 Bb7 (13... Rd7 14. Nxd6+ Rxd6 15. Qg3 $1 $16
) 14. O-O-O O-O 15. Qg4 Bxe4 (15... f5 $2 16. Qxg7+ Kxg7 17. Nxe6+ Kg8 18. Nxd8
Bxe4 19. Rxd6 $18) 16. Qxe4 Rd7 $10) 12... Bb7 13. Qe2 (13. Nfg5 h6 14. Nxe6 (
14. Qh5 $2 hxg5 15. Qxh8 Bxe4 $19) 14... fxe6 15. Qh5+ Kd7 16. Qf7+ Kc8 (16...
Kc6 $2 17. Ra3 $1 Nd7 18. Rc3+ Nc5 19. b4 $16) 17. Qxe6+ (17. a5 b5 (17... Bxe4
) 18. Be3 Ra8 19. Qxe6+ Qd7) 17... Qd7 18. Qc4+ Bc6 $15) 13... Bxe4 14. Qxe4
Bxd6 15. Be3 Bc5 $1 (15... O-O 16. O-O-O $1 $16 (16. Ng5 $5)) 16. a5 (16. Bxc5
bxc5 17. O-O O-O 18. Ne5 Qd5 $10) 16... Nd7 (16... Bxe3 17. Qxe3) 17. O-O (17.
O-O-O $5 Qc7 $5 (17... Bxe3+ 18. Qxe3 Qc7 19. axb6 Nxb6 20. Qa3 $1 $36) 18.
axb6 Bxb6 19. Rhe1 $14) 17... Bxe3 18. Qxe3 (18. fxe3 Qc7 (18... O-O 19. axb6
Qxb6 (19... Nxb6) 20. Ng5 g6 21. Qd4 Rb7 $10) 19. Ng5 Nf6 20. axb6 Qxb6 21. Qd4
Rb7) 18... O-O 19. b3 (19. Rfd1 Qc7 20. axb6 (20. Rxd7 Qxd7 21. axb6 Rb7 22. c4
Rc8 $1 23. b4 $2 (23. b3 a5 $1) 23... Rxc4 24. Ne5 Qd4 $1) 20... Nxb6 (20...
Qxb6 21. Qxb6 Nxb6 $14) 21. Ne5 Rc8 $10) 19... Rb7 20. axb6 Qxb6 21. Qxb6 Rxb6
22. Rfd1 Nf6 23. Ne5 Rc8 $10 24. Ra4 (24. Nd7 Nxd7 25. Rxd7 Kf8 26. Rd2 Ke7 $15
) 24... Kf8 $1 25. Rc4 (25. Nc4 Rbc6 26. Rda1 Ra8 $10 (26... Nd5 27. Rxa6 Rxa6
28. Rxa6 Nb4 29. Ra7 Rd8 $1 (29... Nxc2 30. Rxf7+ $1) 30. Kf1 (30. Ne3 Nxc2 $1)
30... Nxc2 $10)) 25... Rxc4 26. Nxc4 Rc6 27. Rd8+ Ke7 28. Ra8 Nd5 29. Ra7+ Nc7
1/2-1/2

[Event "Yerevan ol (Men)"]
[Site "Yerevan"]
[Date "1996.??.??"]
[Round "4"]
[White "Oll, Lembit"]
[Black "Timman, Jan H"]
[Result "1/2-1/2"]
[WhiteElo "2620"]
[BlackElo "2590"]
[PlyCount "41"]
[EventDate "1996.09.15"]
[EventType "swiss ()"]
[EventRounds "14"]
[EventCountry "ARM"]
[Source "ChessBase"]
[SourceDate "1996.11.15"]
[WhiteTeamCountry "EST"]
[BlackTeamCountry "RUS"]

1. d4 Nf6 2. Nf3 e6 3. c4 b6 4. g3 Bb7 5. Bg2 Be7 6. O-O O-O 7. Nc3 Ne4 8. Bd2
f5 9. Ne1 Bf6 10. e3 c5 11. Nxe4 Bxe4 12. Bxe4 fxe4 13. dxc5 Bxb2 14. Rb1 Bf6
15. Qc2 Na6 16. cxb6 axb6 17. Qxe4 Nc5 18. Qc2 Qc7 19. Nd3 Nxd3 20. Qxd3 Rxa2
21. Bb4 1/2-1/2

[Event "Yerevan ol (Men)"]
[Site "Yerevan"]
[Date "1996.??.??"]
[Round "5"]
[White "Oll, Lembit"]
[Black "Hjartarson, Johann"]
[Result "1/2-1/2"]
[WhiteElo "2620"]
[BlackElo "2565"]
[PlyCount "67"]
[EventDate "1996.09.15"]
[EventType "swiss ()"]
[EventRounds "14"]
[EventCountry "ARM"]
[Source "ChessBase"]
[SourceDate "1996.11.15"]
[WhiteTeamCountry "EST"]
[BlackTeamCountry "RUS"]

1. e4 e5 2. Nf3 Nc6 3. Bb5 a6 4. Ba4 Nf6 5. d3 b5 6. Bb3 Be7 7. O-O d6 8. c3
O-O 9. Re1 Na5 10. Bc2 c5 11. Nbd2 Re8 12. Nf1 h6 13. d4 cxd4 14. cxd4 Nc6 15.
d5 Nb4 16. Bb1 a5 17. a3 Na6 18. b4 Bd7 19. Bd2 axb4 20. axb4 Nc7 21. Bd3 Rxa1
22. Qxa1 Qa8 23. Qb2 Qb7 24. Ne3 Bf8 25. h3 Na8 26. Nd1 Nb6 27. Nc3 Rc8 28. Be3
Nc4 29. Bxc4 Rxc4 30. Nd2 Rc7 31. Rc1 Be7 32. Kh2 Bd8 33. Ra1 Ne8 34. Ra7
1/2-1/2

[Event "Yerevan ol (Men)"]
[Site "Yerevan"]
[Date "1996.??.??"]
[Round "7"]
[White "Oll, Lembit"]
[Black "Nikolic, Predrag"]
[Result "1-0"]
[WhiteElo "2620"]
[BlackElo "2670"]
[Annotator "Ftacnik,L"]
[PlyCount "51"]
[EventDate "1996.09.15"]
[EventType "swiss ()"]
[EventRounds "14"]
[EventCountry "ARM"]
[Source "ChessBase"]
[SourceDate "1996.11.15"]
[WhiteTeamCountry "EST"]
[BlackTeamCountry "RUS"]

1. d4 Nf6 2. c4 e6 3. Nf3 b6 4. g3 Ba6 5. b3 Bb7 6. Bg2 Bb4+ 7. Bd2 a5 8. O-O
O-O 9. Qc2 Re8 10. Nc3 d6 11. Rfe1 Bxc3 12. Bxc3 Be4 13. Qb2 Nbd7 14. Bf1 (14.
Nd2 Bxg2 15. Kxg2 c5 16. e4 cxd4 17. Bxd4 Qc7 18. Bxf6 Nxf6 19. e5 Qc6+ 20. Nf3
dxe5 {1/2-1/2 Sosonko,G-Dorfman,J/Polanica Zdroj (07)/1993/}) 14... d5 (14...
Bb7 15. Nd2 Ne4 16. Nxe4 (16. Bg2 Ndf6 $14) 16... Bxe4 17. f3 Bb7 18. e4 $14)
15. Ne5 Nxe5 (15... dxc4 16. f3 $1 Bb7 17. Nxc4 $14) 16. dxe5 Nd7 17. f3 Bg6 $2
(17... Bf5 $1 18. cxd5 (18. g4 Bg6 19. cxd5 exd5 20. Rad1 c6 21. e6 fxe6 22.
Bxg7 e5 $13) 18... exd5 19. Rad1 c6 20. e6 fxe6 21. Bxg7 e5 $13) 18. cxd5 exd5
19. Rad1 c6 20. e4 $1 (20. e6 fxe6 21. Bxg7 e5 $13) 20... dxe4 (20... Nc5 21.
exd5 cxd5 22. Bc4 $16) 21. Bh3 Ra7 22. f4 f5 (22... Qe7 23. f5 Bh5 24. g4 Qg5
25. Qg2 Nxe5 26. Bxe5 Rxe5 27. gxh5 $18) 23. exf6 Bf7 (23... gxf6 24. Qd2 $1 f5
(24... Re7 25. Bxf6) 25. Qd4 Qe7 26. Qh8+ Kf7 27. Qg7+ Ke6 28. Rxe4+) 24. Rd6 (
24. fxg7 Bd5 $18) 24... Bd5 (24... gxf6 25. Bxf6 Qc8 26. Bh8 Kf8 27. Qg7+ Ke7
28. Red1 $18) 25. Qe2 Rf8 (25... gxf6 26. Bxd7 Rxd7 27. Qg4+ Rg7 28. Rxd8 $18)
26. Rxd5 (26. Rxd5 cxd5 27. Be6+ Rf7 28. Bxf7+ Kxf7 29. Qh5+ Ke6 30. fxg7 $18)
1-0

[Event "Yerevan ol (Men)"]
[Site "Yerevan"]
[Date "1996.??.??"]
[Round "8"]
[White "Almasi, Zoltan"]
[Black "Oll, Lembit"]
[Result "0-1"]
[WhiteElo "2655"]
[BlackElo "2620"]
[PlyCount "100"]
[EventDate "1996.09.15"]
[EventType "swiss ()"]
[EventRounds "14"]
[EventCountry "ARM"]
[Source "ChessBase"]
[SourceDate "1996.11.15"]
[WhiteTeamCountry "EST"]
[BlackTeamCountry "RUS"]

1. e4 c5 2. Nf3 d6 3. d4 cxd4 4. Nxd4 Nf6 5. Nc3 a6 6. f4 e5 7. Nf3 Nbd7 8. a4
Be7 9. Bd3 O-O 10. O-O Nc5 11. Kh1 exf4 12. Bxf4 Bg4 13. Qd2 Bh5 14. Rae1 Bg6
15. b4 Nxd3 16. cxd3 d5 17. e5 Ne8 18. Bg5 Nc7 19. Bxe7 Qxe7 20. Ne2 a5 21.
bxa5 Ne6 22. Ned4 Nxd4 23. Nxd4 Qa3 24. Nf5 Bxf5 25. Rxf5 Qxa4 26. Ref1 Rxa5
27. R5f4 Qb5 28. e6 f6 29. Rg4 Ra4 30. Rxa4 Qxa4 31. Qe3 Re8 32. Re1 Qc6 33. h3
Qd6 34. d4 b5 35. Qb3 Rxe6 36. Rxe6 Qxe6 37. Qxb5 h5 38. Qb8+ Kh7 39. Qc7 h4
40. Qc3 Qe4 41. Kg1 g5 42. Kf2 Kg6 43. Qc5 Qe6 44. Kf3 f5 45. Kf2 g4 46. hxg4
fxg4 47. Kg1 Kh5 48. Qc1 Qe4 49. Qd1 h3 50. gxh3 Qe3+ 0-1

[Event "Yerevan ol (Men)"]
[Site "Yerevan"]
[Date "1996.??.??"]
[Round "9"]
[White "Oll, Lembit"]
[Black "Romanishin, Oleg"]
[Result "1/2-1/2"]
[WhiteElo "2620"]
[BlackElo "2555"]
[PlyCount "94"]
[EventDate "1996.09.15"]
[EventType "swiss ()"]
[EventRounds "14"]
[EventCountry "ARM"]
[Source "ChessBase"]
[SourceDate "1996.11.15"]
[WhiteTeamCountry "EST"]
[BlackTeamCountry "RUS"]

1. d4 Nf6 2. Nf3 e6 3. c4 b6 4. a3 Bb7 5. Nc3 g6 6. Qd3 Bg7 7. e4 d6 8. Be2 O-O
9. O-O Nbd7 10. Qc2 c5 11. d5 Qe7 12. Re1 a6 13. Bf1 Ne8 14. Bg5 Bf6 15. Bxf6
Nexf6 16. Qd2 e5 17. g3 Rac8 18. Nh4 Nh5 19. Rab1 Rc7 20. Na4 Rb8 21. b4 Bc8
22. bxc5 Nxc5 23. Nxb6 Rcb7 24. Nxc8 Rxc8 25. Rb4 Rcb8 26. Qc3 Qc7 27. f3 Nf6
28. Ng2 Rb6 29. Reb1 Rxb4 30. axb4 a5 31. b5 a4 32. Ne3 Nb3 33. Nd1 Nd7 34. Bg2
Ndc5 35. Rb2 Ra8 36. Ne3 Nd4 37. Ra2 Qa7 38. Ra3 Qe7 39. Nd1 Ncb3 40. c5 Nxc5
41. Ne3 Qd8 42. Qb4 h5 43. Ra2 Rb8 44. Rb2 Qf6 45. Rf2 Qd8 46. Rb2 Qf6 47. Rf2
Qd8 1/2-1/2

[Event "Yerevan ol (Men)"]
[Site "Yerevan"]
[Date "1996.??.??"]
[Round "11"]
[White "Georgiev, Kiril"]
[Black "Oll, Lembit"]
[Result "1-0"]
[WhiteElo "2620"]
[BlackElo "2620"]
[Annotator "Shipov"]
[PlyCount "256"]
[EventDate "1996.09.15"]
[EventType "swiss ()"]
[EventRounds "14"]
[EventCountry "ARM"]
[Source "ChessBase"]
[SourceDate "1996.12.01"]
[WhiteTeamCountry "EST"]
[BlackTeamCountry "RUS"]

1. e4 c5 2. Nf3 d6 3. d4 cxd4 4. Nxd4 Nf6 5. Nc3 a6 6. Be2 e6 7. a4 Be7 8. a5
O-O (8... Nbd7 9. f4 Nc5 10. Bf3 O-O 11. e5 dxe5 12. fxe5 Nd5 13. Nxd5 exd5 14.
O-O Be6 15. Bf4 Rc8 16. Qe2 $14 {Westerinen,H-Ernst,T/Gausdal/1985/0,5/56/}) 9.
Be3 Qc7 10. O-O Nbd7 11. Nb3 b5 (11... Qb8 12. Qd4 Bd8 13. Rfd1 b5 14. axb6 (
14. Qxd6 $6 Bc7 $36) 14... Bxb6 15. Qd2 Bc7 16. Na5 Re8 17. h3 Ne5 18. f4 Ng6
$10 {Dolmatov,S-Sax,G/GER/1993/0,5/48/}) (11... Nc5 12. Nxc5 dxc5 13. f4 Rd8
14. Qe1 Bd7 15. e5 $6 (15. Qf2 Bc6 16. Bf3 Rac8 17. Kh1 b5 18. axb6 Qxb6 19. e5
Nd5 20. Nxd5 Bxd5 21. b3 $14 {Smirin,I-Yermolinsky,A/Minsk/1986/0,5/28/}) 15...
Nd5 16. Nxd5 exd5 17. c4 Be6 18. cxd5 Bxd5 19. Qc3 Qc6 20. Rf2 f6 $1 $15 {
Oll,L-Kempinski,R/Polanica Zdroj/1996/0:1/75/}) 12. axb6 Nxb6 13. Qd4 Rb8 $5 (
13... Nfd7 14. Rfd1 Rd8 (14... Nc5 $6 15. Qb4 $1 $14) 15. Na5 (15. Ra2 $5)
15... Rb8 16. Qd2 Ne5 17. Bg5 Bxg5 18. Qxg5 h6 $10 {
Belikov,V-Pieniazek,A/Odessa/1990/0,5/25/}) 14. Bxa6 d5 15. exd5 Nfxd5 16. Bd3
$1 (16. Bd2 $6 Bxa6 17. Rxa6 Bf6 18. Qc5 Rfc8 19. Qxc7 Rxc7 $36 {
>< b2,c2;Panchenko,A-Grigorian,K/Minsk/1986/0,5/30/}) 16... Nxe3 17. Qxe3 Bb7
$6 (17... Nc4 $2 18. Qe4 $18) (17... g6 $44) 18. Nb5 $1 Qc6 (18... Qd8 19. Rfd1
$16) 19. Qh3 g6 20. Na5 Qc5 21. Nxb7 Rxb7 22. Qf3 $14 Rd7 23. Nc3 (23. Qe3 $5)
23... Nc4 24. Ne4 Qd4 25. Bxc4 (25. Ra4 $2 Ne5 $1) 25... Qxc4 26. c3 f5 $1 27.
Ng3 Rd2 $132 {>< Ng3/} 28. Ra7 Bc5 29. Rb7 Rfd8 30. b4 (30. b3 $5) 30... R2d3 (
30... Bf8 31. Qe3 $5 {/\ /} f4 $2 32. Qe4 $1 $16) 31. Qe2 Bd6 (31... Bf8 32.
Qe5 $1 $36) 32. Rc1 Bf8 33. Nf1 (33. Qe5 $4 Rd1+) 33... Bh6 34. Re1 Rxc3 35.
Qe5 {/\ Qf6/} (35. Qxe6+ Qxe6 36. Rxe6 Rc1 37. g3 Rdd1 38. Re8+ Bf8 39. Rbb8
Rxf1+ 40. Kg2 Rg1+ 41. Kh3 Rc2 $132) 35... Qd5 36. Qxc3 Qxb7 37. Rxe6 (37. Qf6
$5) 37... Bf8 38. Qb3 Qd5 39. Re3 f4 40. Rf3 Qxb3 41. Rxb3 Rd7 42. g3 (42. b5
Bc5) 42... fxg3 43. hxg3 Kf7 44. Ne3 Ke6 45. Kg2 Rd4 46. b5 Kd7 47. b6 Bd6 48.
Rc3 (48. b7 Bb8) 48... Rb4 49. Nd5 Rb5 50. Nf6+ Ke6 51. Nxh7 Rxb6 $10 52. Re3+
Kf7 53. Rf3+ Kg8 54. Nf6+ Kg7 55. Ne8+ Kg8 56. Nf6+ Kg7 57. Ne4 Be7 58. Kh3 Ra6
59. Rd3 Kf7 60. Rb3 Ra4 61. Re3 Kf8 62. Re2 Kf7 63. Kg4 Rb4 64. f3 Ra4 65. Rc2
Rb4 66. Ra2 Rc4 67. Ra6 Rb4 68. Kf4 Rb5 69. Rc6 Ra5 70. Rc7 Ke6 71. Rb7 Ra4 72.
Kg4 Kf7 73. Kh3 Ke6 74. Rb6+ Kf7 75. Rc6 Ra5 76. Rc1 Ra3 77. Kg4 Ra4 78. Rh1
Kg7 79. Rh2 Rb4 80. Re2 Kf7 81. f4 Rb3 82. Re1 Ra3 83. Rh1 Kg7 84. Rc1 Ra4 85.
Re1 Ra3 86. Re2 Kf7 87. Rb2 Ra4 88. Re2 Ra3 89. Nf2 Rb3 90. Rc2 Ra3 91. Rc6 Rb3
92. Rc7 Kf8 93. Ne4 Rd3 94. Rb7 Ke8 95. Nf2 Ra3 96. Nh3 Ra5 97. Ng1 Bf6 98. Nf3
Kf8 99. Rd7 Ke8 100. Rd3 Kf7 101. Rb3 Kf8 102. Re3 Kg7 103. Re4 Rb5 104. Nd2
Rd5 105. Nf3 Rb5 106. Rc4 Rd5 107. Rb4 Kf7 108. Ra4 Kg7 109. Ra2 Kf7 110. Nd2
Rd4 111. Ra7+ Kf8 112. Nb3 Rc4 113. Nd2 Rd4 114. Nf3 Rd5 115. Ng1 Bd4 116. Ra8+
Kf7 117. Nh3 Bf6 118. Nf2 Be7 119. Ra4 Rd2 120. Kf3 Bc5 121. Ne4 Rc2 122. Ng5+
Kg7 123. Ra6 Be7 124. Ra7 Kf8 125. Ne6+ Kf7 126. Nd4 Rc4 127. Ke4 Kf6 128. g4
g5 (128... Bc5 $2 129. g5#) (128... Kf7 $10) (128... g5 129. fxg5+ (129. f5 Bc5
) (129. Kd3 $5) 129... Kxg5 130. Rxe7 Kxg4 $14) 1-0

[Event "Yerevan ol (Men)"]
[Site "Yerevan"]
[Date "1996.??.??"]
[Round "12"]
[White "Oll, Lembit"]
[Black "Iordachescu, Viorel"]
[Result "1/2-1/2"]
[WhiteElo "2620"]
[BlackElo "2460"]
[PlyCount "126"]
[EventDate "1996.09.15"]
[EventType "swiss ()"]
[EventRounds "14"]
[EventCountry "ARM"]
[Source "ChessBase"]
[SourceDate "1996.11.15"]
[WhiteTeamCountry "EST"]
[BlackTeamCountry "RUS"]

1. e4 g6 2. d4 Bg7 3. Nf3 d6 4. Nc3 Nf6 5. Be2 O-O 6. O-O c6 7. Re1 Nbd7 8. Bf4
Qa5 9. e5 Nh5 10. Bg5 dxe5 11. Bxe7 Re8 12. Bd6 exd4 13. Nxd4 Ndf6 14. Nb3 Qg5
15. Qc1 h6 16. Qxg5 hxg5 17. g3 Bf5 18. Nd4 Bd7 19. Bf3 Ng4 20. Nb3 Ne5 21.
Bxe5 Rxe5 22. Rxe5 Bxe5 23. Nc5 Nf6 24. Re1 Bd4 25. N3a4 Bg4 26. Bg2 Rb8 27. c3
Bxc5 28. Nxc5 Kf8 29. h3 Bc8 30. g4 b6 31. Nd3 c5 32. Ne5 a5 33. a3 Nd7 34. Bc6
Nxe5 35. Rxe5 Be6 36. Bd5 Ke7 37. Bxe6 fxe6 38. Rxg5 Kf6 39. f4 Rd8 40. b4 axb4
41. axb4 cxb4 42. cxb4 Rd4 43. Rb5 Rxf4 44. Rxb6 g5 45. Rb8 Ke5 46. b5 Rb4 47.
b6 Kf4 48. b7 Kg3 49. Kf1 Rb2 50. Ke1 Rb5 51. Kd2 Rd5+ 52. Kc3 Rd7 53. Kc4 Rh7
54. Kc5 Kxh3 55. Kc6 Kxg4 56. Rf8 Rxb7 57. Kxb7 Kh3 58. Rh8+ Kg3 59. Kc6 g4 60.
Kc5 Kf2 61. Rf8+ Ke2 62. Rg8 Kf3 63. Kd4 Kg3 1/2-1/2

[Event "Yerevan ol (Men)"]
[Site "Yerevan"]
[Date "1996.??.??"]
[Round "13"]
[White "Oll, Lembit"]
[Black "Mohr, Georg"]
[Result "1/2-1/2"]
[WhiteElo "2620"]
[BlackElo "2510"]
[PlyCount "58"]
[EventDate "1996.09.15"]
[EventType "swiss ()"]
[EventRounds "14"]
[EventCountry "ARM"]
[Source "ChessBase"]
[SourceDate "1996.11.15"]
[WhiteTeamCountry "EST"]
[BlackTeamCountry "RUS"]

1. c4 e5 2. Nc3 Nf6 3. Nf3 Nc6 4. e3 Bb4 5. Nd5 Be7 6. Nxe7 Qxe7 7. d3 e4 8.
dxe4 Nxe4 9. Be2 O-O 10. O-O d6 11. Nd4 a5 12. Re1 f5 13. Bf1 Ne5 14. f3 Nc5
15. b3 b6 16. Bb2 Bb7 17. Qe2 f4 18. e4 Bc8 19. a3 Bd7 20. Nb5 Ne6 21. Rad1 Rf6
22. Qd2 Bc6 23. Nxd6 Nxf3+ 24. gxf3 Rg6+ 25. Bg2 cxd6 26. Qxd6 Qg5 27. Qd2 Nc5
28. Qf2 Nxb3 29. Kh1 Nc5 1/2-1/2

[Event "RUS-Cup01 Chigorin Memorial"]
[Site "St Petersburg"]
[Date "1996.??.??"]
[Round "1"]
[White "Oll, Lembit"]
[Black "Orlov, Vassily"]
[Result "1-0"]
[WhiteElo "2620"]
[BlackElo "2430"]
[PlyCount "81"]
[EventDate "1996.11.??"]
[EventType "swiss"]
[EventRounds "9"]
[EventCountry "RUS"]
[Source "ChessBase"]
[SourceDate "1997.03.01"]
[WhiteTeamCountry "EST"]
[BlackTeamCountry "RUS"]

1. d4 Nf6 2. c4 e6 3. Nf3 Bb4+ 4. Nbd2 O-O 5. e3 d6 6. Bd3 Nc6 7. O-O Bxd2 8.
Nxd2 e5 9. d5 Ne7 10. Qc2 Ng6 11. b3 Qe7 12. Bb2 Bd7 13. Rae1 Ng4 14. f4 f5 15.
h3 Nh6 16. Qc3 Kh8 17. c5 Qf7 18. c6 Bc8 19. Bc4 a6 20. Nf3 b5 21. Be2 Re8 22.
fxe5 Nxe5 23. e4 f4 24. Qd2 Qf6 25. Rd1 Nhf7 26. Nxe5 dxe5 27. Bh5 Kg8 28.
Bxf7+ Qxf7 29. d6 cxd6 30. Qxd6 Qf6 31. c7 Qxd6 32. Rxd6 Bb7 33. Rfd1 Kf7 34.
Rd7+ Re7 35. Rxe7+ Kxe7 36. Bxe5 Bxe4 37. Bxf4 Bb7 38. Rd8 Rc8 39. Kf2 h6 40.
Bd6+ Ke6 41. g4 1-0

[Event "RUS-Cup01 Chigorin Memorial"]
[Site "St Petersburg"]
[Date "1996.??.??"]
[Round "2"]
[White "Zakharevich, Igor"]
[Black "Oll, Lembit"]
[Result "1/2-1/2"]
[WhiteElo "2485"]
[BlackElo "2620"]
[PlyCount "28"]
[EventDate "1996.11.??"]
[EventType "swiss"]
[EventRounds "9"]
[EventCountry "RUS"]
[Source "ChessBase"]
[SourceDate "1997.03.01"]
[WhiteTeamCountry "EST"]
[BlackTeamCountry "RUS"]

1. d4 Nf6 2. c4 e6 3. Nf3 d5 4. Bg5 Nbd7 5. Nc3 c6 6. e3 Qa5 7. Nd2 Bb4 8. Qc2
O-O 9. Be2 c5 10. Nb3 Qa4 11. Bxf6 Nxf6 12. dxc5 dxc4 13. Bxc4 Qc6 14. O-O Bxc5
1/2-1/2

[Event "RUS-Cup01 Chigorin Memorial"]
[Site "St Petersburg"]
[Date "1996.??.??"]
[Round "4"]
[White "Kuzmin, Gennadi"]
[Black "Oll, Lembit"]
[Result "0-1"]
[WhiteElo "2540"]
[BlackElo "2620"]
[Annotator "Shipov"]
[PlyCount "60"]
[EventDate "1996.11.??"]
[EventType "swiss"]
[EventRounds "9"]
[EventCountry "RUS"]
[Source "ChessBase"]
[SourceDate "1997.03.01"]
[WhiteTeamCountry "EST"]
[BlackTeamCountry "RUS"]

1. e4 c5 2. Nf3 d6 3. d4 cxd4 4. Nxd4 Nf6 5. Nc3 a6 6. Be2 e6 7. O-O Be7 8. f4
Qc7 9. a4 O-O 10. Kh1 b6 11. e5 (11. Bf3 Bb7 12. Qe2 Nc6 (12... Nbd7 $2 13. e5
$1 $16) 13. Be3 Nb4 14. Bf2 (14. g4 d5 $1) 14... Nd7 15. Qd2 Rac8 16. Rfe1 Rfe8
17. Bg3 $6 (17. Ncb5 $1 axb5 18. Qxb4 $13) 17... Bf6 18. Re2 Nc6 19. Nxc6 Bxc6
20. Rd1 Nc5 $17 {Marjanovic,S-Rublevsky,S/JUG/1996/0:1/45/}) 11... dxe5 12.
fxe5 Nfd7 (12... Qxe5 $2 13. Bf4 Qc5 14. Bf3 $36) 13. Bf4 (13. Bf3 Bb7 14. Bxb7
Qxb7 15. Bf4 Bc5 (15... Nc6 $5 16. Qf3 Rac8 17. Rad1 Kh8 18. Bg3 Nc5 19. Nxc6
Qxc6 $6 (19... Rxc6 $1 $13) 20. Qxc6 Rxc6 21. b4 $1 Nb7 22. Rd7 Rxc3 23. Rxe7
Nd8 24. Ra7 $16 {Milos,G-Salazar,H/Asuncion/1992/1:0/41/}) 16. Nf3 (16. Rf3
Bxd4 17. Qxd4 Nc6 18. Qe3 Ne7 19. Rd1 Rac8 20. Qe2 Ng6 21. Bg3 Rc5 22. b4 $1
Rc7 23. Ne4 $36 {Nielsen,P.H-Rublevsky,S/Moscow/1994/1:0/52/}) 16... Nc6 17.
Qd3 Be7 18. Ne4 Nc5 19. Nxc5 bxc5 20. b3 Rad8 21. Qe4 Rd5 22. Bg5 Qc7 $10 {
Nielsen,P.H-Oll,L/Yerevan/1996/0.5/27/}) 13... Bb7 14. Bd3 $5 (14. Qe1 Nc6 15.
Nxc6 Bxc6 16. Qg3 Kh8 17. Rae1 Nc5 18. Qh3 Rad8 19. Bf3 Rd4 20. Bxc6 Qxc6 21.
Qh5 $13 {Polgar,J-Jansa,V/CZE/1991/1:0/37/}) (14. Bf3) 14... Nc5 $1 15. Qg4 Rd8
(15... Nxd3 $5) 16. Nce2 (16. Bg3 $1 Bf8 $1 $13 (16... Nc6 $2 17. Bxh7+ $1 Kxh7
18. Rxf7 $18) (16... Nxd3 $2 17. Rxf7 $1 Kxf7 18. Qxe6+ $40)) 16... Nc6 17. Bg3
Bf8 (17... Nxe5 $2 18. Bxh7+ $1 Kxh7 19. Qh5+ Kg8 20. Bxe5 $36) (17... Nxd3 $2
18. Rxf7 $1 Kxf7 19. Qxe6+ Ke8 20. Nf5 $40) 18. Nxc6 (18. Rf2 $5) (18. Nf3 $5
Nxd3 19. cxd3 Rxd3 20. Ng5 $146) 18... Bxc6 19. Nf4 Nxd3 20. Nxd3 Bb7 $17 {
^^,>< c2,e5/} 21. Rf2 Rac8 22. Raf1 Rd7 23. b3 Qc6 24. Re2 (24. Nf4 $5 {/\ Nh5/
} Qe4 $1 $17) 24... a5 25. Nf4 Rd4 $1 26. Bh4 $6 (26. c4 $1 Rcd8 $17) 26... b5
$1 27. axb5 Qxb5 28. Qg3 (28. Ra1 a4 $1 29. bxa4 Qxa4 $1 $19) 28... Rxc2 $19
29. Qf2 Rxe2 30. Nxe2 Rd7 0-1

[Event "RUS-Cup01 Chigorin Memorial"]
[Site "St Petersburg"]
[Date "1996.??.??"]
[Round "8"]
[White "Bologan, Viorel"]
[Black "Oll, Lembit"]
[Result "0-1"]
[WhiteElo "2600"]
[BlackElo "2620"]
[Annotator "Shipov"]
[PlyCount "100"]
[EventDate "1996.11.??"]
[EventType "swiss"]
[EventRounds "9"]
[EventCountry "RUS"]
[Source "ChessBase"]
[SourceDate "1997.03.01"]
[WhiteTeamCountry "EST"]
[BlackTeamCountry "RUS"]

1. e4 c5 2. Nf3 d6 3. d4 cxd4 4. Nxd4 Nf6 5. Nc3 a6 6. Be3 e5 7. Nb3 Be6 8. f3
Nbd7 9. Qd2 b5 10. a4 (10. O-O-O Rc8 11. Kb1 Be7 12. g4 Nb6 13. g5 Nfd7 14. h4
O-O 15. Rg1 b4 16. Nd5 Bxd5 17. exd5 Nc4 18. Bxc4 Rxc4 19. h5 Qc7 20. g6 $40 {
Oll,L-Nepomnishay,M/St.Petersburg/1996/1:0/38/}) 10... b4 11. Nd5 Bxd5 12. exd5
Nb6 13. Bxb6 Qxb6 14. a5 {>< b4,a6/} Qb7 15. Bc4 Be7 16. Ra4 Rb8 17. Nc1 (17.
Qd3 Ra8 18. Qd2 Rb8) (17. O-O) 17... Bd8 (17... O-O $5 18. Na2 e4 19. Nxb4 exf3
20. gxf3 Nd7 $146) 18. Nd3 (18. Na2 Nd7 $1 19. Kd1 Qc8 20. b3 Nc5 21. Rxb4 Ra8
$1 $15 {Cseshkovsky,V-Giorgadze,T/Yerevan/1982/0.5/41/}) (18. b3 O-O 19. Kd1
Qa8 20. Na2 Rb5 $1 $13) 18... Bxa5 $1 (18... Nxd5 $6 19. Nxe5 dxe5 20. Qxd5
Qxd5 21. Bxd5 O-O 22. Ke2 Rc8 23. Bb3 Be7 24. Rd1 Rfd8 25. Rxd8+ Rxd8 26. Bc4
$16 {>< a6/Tiviakov,S-De Firmian,N/Polanica Zdroj/1995/1:0/53/}) 19. Rxa5 Qc7
20. Ra4 (20. Rxa6 Qxc4 21. Rxd6 O-O 22. O-O Nxd5 23. Re1 f6 24. Re4 Qb5 25. h3
Rb6 26. Rxb6 Qxb6+ 27. Kh2 Rd8 28. Nxb4 Nf4 29. Qe1 Qd6 30. Nd3 Nxd3 31. cxd3
Qxd3 $10 {Shirov,A-Gelfand,B/Vienna/1996/0.5/53/}) (20. Bb5+ axb5 21. Ra6 O-O
22. Nxb4 Ra8 $10) 20... Qxc4 21. Nxb4 O-O (21... a5 $6 22. Rxa5 Rxb4 23. b3 {
/\ Ra8/}) 22. c3 $6 (22. b3 $5 Qb5 (22... Qh4+ 23. Qf2) 23. Nxa6 Rbc8 $146)
22... Rfc8 {@/} 23. Ra1 (23. Kf2 $5 Qc5+ 24. Kg3 Nh5+ 25. Kh4 $13) (23. Qe2 $2
Nxd5 $17) 23... Rb5 24. Nc6 $2 (24. Rxa6 $2 Rxb4) (24. Qe2 $1 Qxe2+ (24... Qc5
$5) 25. Kxe2 Nxd5 26. Nxd5 Rxd5 27. Rxa6 $10) 24... Kf8 25. Na7 Rxd5 26. Qe2
Qxe2+ 27. Kxe2 Rb8 28. b4 $2 (28. Rhb1 $1 $15) 28... e4 $1 $17 29. Rhd1 (29. f4
Rd3) (29. Rxa6 exf3+ 30. Kxf3 Re8 $40) 29... exf3+ 30. gxf3 Re8+ 31. Kf1 $2 (
31. Kf2 Rh5 $17) 31... Rxd1+ 32. Rxd1 Ra8 33. Nc6 Rc8 34. Na5 (34. Rxd6 Ne8 $19
) 34... Rxc3 35. Rxd6 Rxf3+ 36. Kg2 Rf4 37. Nc6 Rc4 38. Ne5 Rxb4 39. Rxa6 Rb7
$19 40. Kf3 Nd7 41. Ra8+ Ke7 42. Nd3 g6 43. Ra3 Kf6 44. Nf4 Ne5+ 45. Kg3 Rd7
46. Ra2 Kg7 47. h4 h5 48. Ra5 Ng4 49. Rg5 Kh6 50. Ra5 Re7 0-1

[Event "Beijing op"]
[Site "Beijing"]
[Date "1997.??.??"]
[Round "?"]
[White "Tiviakov, Sergei"]
[Black "Oll, Lembit"]
[Result "1-0"]
[WhiteElo "2590"]
[BlackElo "2645"]
[PlyCount "85"]
[EventDate "1997.??.??"]
[EventType "swiss"]
[EventRounds "9"]
[EventCountry "CHN"]
[Source "ChessBase"]
[SourceDate "2009.11.30"]
[WhiteTeamCountry "EST"]
[BlackTeamCountry "RUS"]

1. e4 c5 2. Nf3 d6 3. Bb5+ Bd7 4. Bxd7+ Nxd7 5. O-O Ngf6 6. d3 e6 7. Nc3 Be7 8.
Ng5 h6 9. Nh3 g5 10. f4 g4 11. Nf2 h5 12. Qe2 Qc7 13. Nb5 Qc6 14. c4 a6 15. Nc3
O-O-O 16. a3 Rdg8 17. Nfd1 Ne8 18. b4 Nc7 19. Be3 f5 20. d4 fxe4 21. dxc5 dxc5
22. b5 Qb6 23. a4 Bf6 24. a5 Qd6 25. Nxe4 Qe7 26. Ndc3 Rd8 27. Nxf6 Nxf6 28.
Na4 Ne4 29. Qb2 Qf6 30. Qxf6 Nxf6 31. Nxc5 Rd6 32. Rab1 h4 33. b6 Nce8 34. Nxa6
Ng7 35. Nc5 Nf5 36. Rfe1 Rhd8 37. Bc1 Rc6 38. Ba3 h3 39. Red1 Rxd1+ 40. Rxd1
Ne3 41. a6 bxa6 42. b7+ Kc7 43. Rd8 1-0